| 000 | 00811cam a22002413a 4500 | ||
|---|---|---|---|
| 001 | 958 | ||
| 003 | PGUSA | ||
| 005 | 20140828082955.0 | ||
| 008 | 970601s1997||||xxu|||||s|||||000 1 eng d | ||
| 040 |
_aPGUSA _beng |
||
| 042 | _adc | ||
| 050 | 4 | _aPZ | |
| 100 | 1 |
_aBaum, L. Frank _q(Lyman Frank), _d1856-1919 |
|
| 245 | 1 | 0 |
_aRinkitink in Oz : _bWherein Is Recorded the Perilous Quest of Prince Inga of Pingaree and King Rinkitink in the Magical Isles That Lie Beyond the Borderland of Oz _h[electronic resource] / _cL. Frank Baum |
| 260 |
_bProject Gutenberg, _c1997 |
||
| 506 | _aPublic domain in the USA. | ||
| 516 | _aElectronic text | ||
| 653 | _aOz (Imaginary place) -- Fiction | ||
| 653 | _aFantasy | ||
| 830 | 0 |
_aProject Gutenberg _v958 |
|
| 856 | 4 | 0 | _uhttp://www.gutenberg.org/ebooks/958 |
| 942 | _cEB | ||
| 999 |
_c230309 _d230309 |
||